Elementos más reactivos---Top 20 - Estadísticas

Estadísticas generales
  • Esta prueba ha sido intentada 4 veces
  • La puntuación promedio es 14 de 20
Estadísticas de respuestas
Grupo Top Elemento % Correcto
alcalinotérreo 18 bario
100%
alcalinotérreo 16 magnesio
100%
anfígeno 5 oxígeno
100%
halógeno 19 astato
75%
anfígeno 14 azufre
75%
halógeno 10 bromo
75%
alcalino 3 cesio
75%
halógeno 6 cloro
75%
halógeno 1 flúor
75%
nitrogenoide 13 fósforo
75%
alcalino 2 francio
75%
alcalino 9 hidrógeno
75%
alcalino 7 potasio
75%
alcalino 8 sodio
75%
halógeno 11 yodo
75%
alcalinotérreo 15 calcio
50%
alcalinotérreo 17 estroncio
50%
alcalino 12 litio
50%
actínido 20 plutonio
50%
alcalino 4 rubidio
25%
No se encontraron pruebas coincidentes
Distribución de puntuación
Porcentaje de gente con cada puntuación
Porcentaje por número respondido
Historial de tus puntuaciones
No has intentado esta prueba.